[Event "Hoogovens"]
[Site "Wijk aan Zee"]
[Date "1990.01.??"]
[Round "5"]
[White "Kuijf, Marinus"]
[Black "Kortschnoj, Viktor Lvovich"]
[Result "0-1"]
[WhiteElo "2490"]
[BlackElo "2625"]
[Annotator "Anand,V"]
[PlyCount "64"]
[EventDate "1990.01.??"]
[EventType "tourn"]
[EventRounds "13"]
[EventCountry "NED"]
[EventCategory "13"]
[SourceTitle "CBM 017"]
[Source "ChessBase"]
[SourceDate "1990.08.01"]
[SourceVersion "1"]
[SourceVersionDate "1990.08.01"]
[SourceQuality "1"]

1. e4 e5 2. Nf3 Nc6 3. Bb5 a6 4. Ba4 Nf6 5. O-O Be7 6. Re1 b5 7. Bb3 d6 8. c3
O-O 9. h3 Na5 10. Bc2 c5 11. d4 Qc7 12. Nbd2 cxd4 13. cxd4 Bb7 14. d5 Rac8 15.
Bd3 Nd7 16. Nf1 f5 (16... Nc5 17. b3 $1 {Black now has problems with his
knight on a5} f5 18. exf5 Bxd5 19. Be2 $16 {Sax-Ceskovskij,Wijk aan Zee1989})
17. Bg5 (17. exf5 Bxd5 18. Ng5 Bxg5 19. Bxg5 $14 {Sax}) (17. Ne3 $5) 17... Nc5
18. Bxe7 Qxe7 19. exf5 Nc4 (19... Bxd5 20. Be2 $16) 20. Bxc4 (20. b3 $2 Nb2 $19
) 20... bxc4 21. Ne3 Nd3 22. Re2 e4 23. Nd4 (23. Nd2 $1 Nxb2 24. Qc2 $14) 23...
Qe5 24. Ne6 Rxf5 $1 {Black gets good value for his exchange} 25. Nxf5 Qxf5 26.
Qa4 $6 Bxd5 27. Nd4 Qf6 28. Qxa6 Rf8 29. Nc2 (29. Qb6 Qg6 $1 $15) 29... Nf4 30.
Rd2 Nxh3+ $1 31. Kh1 Nxf2+ 32. Rxf2 Qh4+ 0-1

[Event "EU-Cup 21st"]
[Site "Saint Vincent"]
[Date "2005.09.22"]
[Round "5.2"]
[White "Hermansson, Emil"]
[Black "Tisdall, Jonathan D"]
[Result "1-0"]
[WhiteElo "2430"]
[BlackElo "2442"]
[Annotator "Atlas,V"]
[PlyCount "75"]
[EventDate "2005.09.18"]
[EventType "team-swiss"]
[EventRounds "7"]
[EventCountry "ITA"]
[SourceTitle "CBM 110"]
[Source "ChessBase"]
[SourceDate "2006.01.31"]
[SourceVersion "1"]
[SourceVersionDate "2006.01.31"]
[SourceQuality "1"]
[WhiteTeam "Stockholm"]
[BlackTeam "Asker"]
[WhiteTeamCountry "SWE"]
[BlackTeamCountry "NOR"]

1. e4 e5 2. Nf3 Nc6 3. Bb5 a6 4. Ba4 Nf6 5. O-O Be7 6. Re1 b5 7. Bb3 d6 8. c3
O-O 9. h3 Na5 10. Bc2 c5 11. d4 Qc7 12. Nbd2 cxd4 13. cxd4 Nc6 14. Nb3 a5 15.
Be3 a4 16. Nbd2 Bd7 17. Rc1 Qb7 18. Qe2 Rfe8 19. Nf1 $6 ({A risky move.} 19. a3
{was a better option.}) 19... exd4 20. Nxd4 Nb4 21. Bb1 Nxe4 22. Bxe4 ({Or} 22.
a3 Na6 23. Qf3 Nac5 {, with better chances for Black.}) 22... Qxe4 23. Rc7 Rad8
24. Ng3 Qg6 $2 ({This unfortunate error loses the game. After} 24... Qd3 {
Black would retain a durable advantage.}) {[%tqu "En","Black is a pawn up and
he appears to have a solid position. Is White in trouble?","Exploit a shaky
position of Black's knight.","Use your c7-rook to destroy Black's position.",
"c7d7","After this blow Black's position quickly collapses.",4]} 25. Rxd7 $1 {
[%csl Rb4,Rb5,Ge2,Re8] White does not miss his chance. After this blow White
gets a decisive advantage.} Rxd7 26. Qxb5 Rdd8 27. Qxb4 Bf6 28. Nc6 Rc8 29. Rc1
Qd3 30. Nh5 $1 Qf5 31. Nxf6+ Qxf6 32. Qxa4 Ra8 33. Qb3 d5 34. a3 Qd6 35. Qb7 h6
36. Qb4 Qd7 37. Qg4 Re6 38. Nd4 1-0

[Event "URS-ch46 First League"]
[Site "Ashkhabad"]
[Date "1978.??.??"]
[Round "5"]
[White "Razuvaev, Yuri S"]
[Black "Kakageldyev, Amanmurad"]
[Result "1-0"]
[WhiteElo "2460"]
[BlackElo "2415"]
[Annotator "Bulletin"]
[PlyCount "119"]
[EventDate "1978.10.??"]
[EventType "tourn"]
[EventRounds "17"]
[EventCountry "URS"]
[EventCategory "10"]
[SourceTitle "MCL"]
[Source "ChessBase"]
[SourceDate "1999.07.01"]
[SourceVersion "1"]
[SourceVersionDate "1999.07.01"]
[SourceQuality "1"]

1. e4 e5 2. Nf3 Nc6 3. Bb5 a6 4. Ba4 Nf6 5. O-O Be7 6. Re1 b5 7. Bb3 d6 8. c3
O-O 9. h3 Na5 10. Bc2 c5 11. d4 Qc7 12. Nbd2 cxd4 13. cxd4 Nc6 14. a3 exd4 (
14... Qa7 15. d5 Nd4 16. Nxd4 Qxd4 17. Qe2 Bd7 18. Bd3 Qa7) 15. Nb3 Nd7 16.
Nbxd4 Nxd4 17. Nxd4 Bf6 18. Bb3 Ne5 19. Be3 Bb7 20. Rc1 Qd7 21. f3 d5 22. f4
Nc4 23. e5 Be7 24. Qe2 Rac8 25. Bf2 Rfe8 26. Bc2 $16 g6 27. f5 $1 Bg5 28. e6
fxe6 29. fxg6 Bxc1 30. gxh7+ Kh8 31. Rxc1 $18 e5 32. Bf5 Qg7 33. Bxc8 Bxc8 34.
Rc3 Bd7 35. Rg3 Qh6 (35... exd4 36. Rxg7 Rxe2 37. Rxd7 $18) 36. Nf3 Qc1+ 37.
Kh2 Qf4 38. b3 Nd6 39. Be3 Qe4 40. Ng5 Qg6 41. Nf3 Qe4 42. Nh4 $1 Qxh4 43. Bg5
Qxg3+ 44. Kxg3 Ne4+ 45. Kh4 Rf8 46. Bh6 Rf5 47. Qg4 Rf4 48. Bxf4 Bxg4 49. Bxe5+
Kxh7 50. Kxg4 Nd2 51. b4 Nc4 52. Kf5 Ne3+ 53. Ke6 Nxg2 54. Bd4 Kg6 55. Kxd5 Kf5
56. Kc6 Ke4 57. Bf2 Nf4 58. h4 Nd3 59. h5 Kf5 60. Bd4 1-0

[Event "Bugojno"]
[Site "Bugojno"]
[Date "1978.03.14"]
[Round "14"]
[White "Tal, Mihail"]
[Black "Spassky, Boris Vasilievich"]
[Result "1/2-1/2"]
[WhiteElo "2625"]
[BlackElo "2630"]
[Annotator "Bulletin"]
[PlyCount "131"]
[EventDate "1978.02.27"]
[EventType "tourn"]
[EventRounds "15"]
[EventCountry "YUG"]
[EventCategory "14"]
[SourceTitle "MCL"]
[Source "ChessBase"]
[SourceDate "1999.07.01"]
[SourceVersion "1"]
[SourceVersionDate "1999.07.01"]
[SourceQuality "1"]

1. e4 e5 2. Nf3 Nc6 3. Bb5 a6 4. Ba4 Nf6 5. O-O Be7 6. Re1 b5 7. Bb3 d6 8. c3
O-O 9. h3 Na5 10. Bc2 c5 11. d4 Qc7 12. Nbd2 cxd4 13. cxd4 Nc6 14. Nb3 a5 15.
Be3 (15. Bd2 Bd7 16. d5 Nd8 17. Rc1 Nb7 18. Qe2 Qb8 19. Bd3 a4 20. Na1 Nc5 $10
{Geller-Kuzmin, USSR-ch 1977}) 15... a4 16. Nbd2 Nb4 17. Bb1 Bd7 18. a3 Nc6 19.
Ba2 (19. Bd3 $16 {ECO} Na5 20. Rc1 Qb8 21. Rc2 (21. Qe2 Re8 22. Rc2 Bd8 23.
dxe5 dxe5 $10 {Tal-Kuzmin, Leningrad 1977}) 21... Re8 22. Nf1 Be6 23. d5 Bd7
24. Bd2 Bd8 {Beljavsky-Kuzmin, Leningrad 1977}) 19... Rac8 20. Rc1 Qb8 21. Qe2
h6 22. dxe5 (22. d5) 22... dxe5 23. Nh4 {/\Ng6} Rfd8 24. Qf3 b4 $1 25. Nc4 (25.
Bd5 bxa3 (25... Nxd5 26. exd5 Na5 27. Nf5 $13) 26. bxa3 Bxa3 27. Rb1 $14) 25...
Be6 (25... b3 26. Bb1 {/\Nb6}) 26. Nf5 Bxf5 $1 27. Qxf5 b3 28. Bb1 g6 29. Qf3
Nd4 30. Bxd4 (30. Qg3 Rc5 31. Bxh6 $2 Qc7 32. Bd3 Nc2 $19) 30... Rxd4 31. Bd3
Rc5 $17 32. Rc3 Nd7 33. g3 h5 34. h4 Nf8 35. Rec1 Ne6 36. Na5 Qb6 (36... Qc7 $1
37. Rxc5 $2 (37. Nc4) 37... Nxc5 38. Bc4 Ne6 39. Qxf7+ Kxf7 40. Bxe6+ Kxe6 41.
Rxc7 Bxa3 $1 $19) 37. Rxc5 Bxc5 38. Nc4 Qc7 39. Bf1 Kg7 40. Rc3 Rd8 41. Rd3 Bd4
42. Rd2 Qc5 43. Kg2 Rc8 44. Ne3 Qc1 (44... Bxe3 $6 45. fxe3 {/\Rf2}) 45. Rd1
Bxe3 $5 (45... Qxb2 $1 46. Bc4 $5 Bxe3 47. Bxe6 $2 (47. Rd7 Qxf2+ 48. Qxf2 Bxf2
49. Bxe6 Bd4 $19) 47... Qxf2+ $1 48. Qxf2 Rc2) 46. Rxc1 Bxc1 47. Bb5 Nd4 48.
Qd3 Bxb2 49. Bxa4 Rc3 50. Qa6 (50. Qd2 Ba1 $19) 50... Bxa3 51. Qa5 Rc5 52. Qa7
Nb5 (52... b2 53. Be8) 53. Qxc5 $1 (53. Bxb5 Rxb5 54. Qa4 Rb8 55. Qa7 Bd6 $19)
53... Bxc5 54. Bxb5 Bd6 55. Kf3 Kf8 $2 (55... f6 $1 {/\..g5 -+}) 56. Ke2 Bc5
57. f3 $10 b2 58. Bd3 Bd4 $6 (58... Kg7) 59. Kd2 Bf2 60. Kc2 Bxg3 61. Kxb2 Bxh4
62. Kc2 Kg7 63. Kd1 Bg3 64. Bb5 Kh6 65. Ke2 Kg5 66. Kf1 1/2-1/2

[Event "Budapest Tungsram-04"]
[Site "Budapest"]
[Date "1978.08.??"]
[Round "?"]
[White "Hardicsay, Peter"]
[Black "Lukacs, Peter"]
[Result "0-1"]
[WhiteElo "2355"]
[BlackElo "2460"]
[Annotator "Dolmatov,S"]
[PlyCount "100"]
[EventDate "1978.08.12"]
[EventType "tourn"]
[EventRounds "15"]
[EventCountry "HUN"]
[EventCategory "9"]
[SourceTitle "MCL"]
[Source "ChessBase"]
[SourceDate "1999.07.01"]
[SourceVersion "1"]
[SourceVersionDate "1999.07.01"]
[SourceQuality "1"]

1. e4 e5 2. Nf3 Nc6 3. Bb5 a6 4. Ba4 Nf6 5. O-O Be7 6. Re1 b5 7. Bb3 d6 8. c3
O-O 9. h3 Na5 10. Bc2 c5 11. d4 Qc7 12. Nbd2 cxd4 13. cxd4 Nc6 14. Nb3 a5 15.
Be3 a4 16. Nbd2 Nb4 17. Bb1 Bd7 18. a3 Nc6 19. Bd3 (19. Ba2 $5 Qb7 (19... b4
20. Rc1 b3 21. Bb1 $14) 20. Rc1 $14) 19... Na5 20. Qe2 Qb8 21. b4 $2 (21. Rac1
$22 Re8 22. dxe5 dxe5 23. Bc5 $14) 21... axb3 22. Reb1 Rc8 (22... b4 $5 23.
Nxb3 Nxb3 24. Rxb3 d5 (24... exd4 $5 25. Nxd4 d5 $13) 25. Nxe5 dxe4 26. Nxd7 (
26. Bc4 Be6 27. Bxe6 fxe6 28. Nc6 Qb7 29. Nxe7+ Qxe7 $10) 26... exd3 27. Nxb8
dxe2 28. Nc6 Bd6) 23. Nxb3 Nc4 24. Bc1 Qc7 25. Ra2 Bd8 26. d5 $2 (26. Rc2 Qa7
27. dxe5 dxe5 28. Nbd2 $10) (26. Nfd2 $5 d5 27. Rc2 $13) 26... Nh5 $1 $17 27.
Na1 Qa7 28. Nc2 Bb6 29. g4 Nf4 30. Bxf4 exf4 31. Nb4 h5 (31... Qc7 $17 {
/\Qc5,Ra3,Na3}) 32. Nc6 Bxc6 33. dxc6 hxg4 34. hxg4 Nxa3 35. Rb3 (35. Bxb5 $2
Bxf2+ 36. Qxf2 Qxf2+ 37. Kxf2 Nxb1 38. Rxa8 Rxa8 39. Nd4 Nc3 $19) 35... Bc5 36.
e5 Qe7 37. Bf5 (37. Qe4 g6) 37... Re8 38. Bd7 dxe5 39. Qe4 Nc4 40. Rxa8 Rxa8
41. Rb1 (41. c7 $2 Ra1+ 42. Kg2 Qxd7 $19) (41. Rxb5 Nd6 $19) 41... Ra2 42. Rxb5
Qd6 43. Qb1 Bxf2+ 44. Kh1 Ra8 45. Rb7 Bb6 46. Rxb6 Nxb6 47. Qxb6 Qd1+ 48. Ng1
Qd5+ 49. Kh2 Ra2+ 50. Kh3 Qh1# 0-1

[Event "EU-ch 6th"]
[Site "Warsaw"]
[Date "2005.06.21"]
[Round "4"]
[White "Fressinet, Laurent"]
[Black "Postny, Evgeny"]
[Result "1-0"]
[WhiteElo "2638"]
[BlackElo "2556"]
[Annotator "Erenburg,S"]
[PlyCount "79"]
[EventDate "2005.06.18"]
[EventType "swiss"]
[EventRounds "13"]
[EventCountry "POL"]
[SourceTitle "CBM 108"]
[Source "ChessBase"]
[SourceDate "2005.09.26"]
[SourceVersion "1"]
[SourceVersionDate "2005.09.26"]
[SourceQuality "1"]

1. e4 e5 2. Nf3 Nc6 3. Bb5 a6 4. Ba4 Nf6 5. O-O Be7 6. Re1 b5 7. Bb3 d6 8. c3
O-O 9. h3 Na5 10. Bc2 c5 11. d4 Qc7 12. Nbd2 cxd4 13. cxd4 Bb7 {Other
theoretical lines are:} (13... Be6) (13... Bd7) (13... Rd8) (13... Nc6) 14. d5
{White closes the long diagonal, thus limiting the possibilities of Black's
light-squared bishop. In modern theory this continuation is considered as the
most principle. Another possible continuation is} (14. Nf1 Rac8 15. Bd3 exd4
$146 16. Nxd4 Rfe8 17. Ng3 Nc4 18. a4 Qb6 $6 (18... b4 $142) 19. Ndf5 Bf8 20.
axb5 axb5 21. b3 $16 {1-0 Van den Doel,E-Piket,J/Rotterdam 1997/CBM 060/
[Wedberg] (40)}) 14... Rac8 15. Bd3 Nd7 {preparing counterplay on the kingside
with the f7-f5 advance.} 16. Nf1 f5 ({Recently there was a very important game
for the theory of this variation:} 16... Nc5 17. b3 f5 18. exf5 Bf6 19. Be4 Qf7
20. Ng3 Nxe4 21. Nxe4 Qxd5 22. Bd2 Nc6 23. Bg5 Nb4 24. Bxf6 gxf6 25. Nxd6 $16 {
1-0 Kramnik,V-Sokolov,I/Wijk aan Zee NED 2005/The Week in Chess 533 (36)}) 17.
exf5 ({Another possibility is} 17. Ng3 {1-0 Leko,P-Gomez Esteban,J/Pamplona
1993/CBM 039/[Leko] (39)}) 17... Bxd5 18. Ng5 {forcing Black to exchange the
dark-squared bishop.} ({The alternative could be} 18. Ng3 Qb7 19. Be4 Nf6 20.
Bxd5+ Nxd5 $146 21. Bg5 $14 {1-0 Korneev,O-Marin,M/Solsona 2004 (30)}) 18...
Bxg5 (18... Nf6 19. Ne3 $36) 19. Bxg5 Bc6 $146 {According to my database, this
position appeared for the first time. In the preceding games Black has tried:}
(19... Nf6 20. Ne3 Ba8 21. b4 Nc4 22. Bxc4+ bxc4 23. Rc1 Qf7 24. Qxd6 Ne4 25.
Qe7 Qh5 26. Qe6+ Kh8 27. Be7 Rc6 28. Qxe5 Rg6 29. Bxf8 Ng5 30. Kf1 Nxh3 31. Bc5
{1-0 Baramidze,D-Ong,K/Chalkidiki 2003/EXT 2004 (31)}) (19... Ba8 20. Qg4 Qb7
21. Rad1 d5 22. f6 Nxf6 23. Bxf6 Rxf6 24. Rxe5 $14 {1-0 Ivanov,A-Magerramov,E/
Pavlodar 1987/EXT 97 (42)}) 20. Ne3 {covering the c4 square and intending to
transfer the knight to g4.} (20. b4 {gives nothing} Nc4 21. Be7 (21. Bxc4+ bxc4
22. Be7 Rxf5 23. Bxd6 Rg5 $1 24. Ne3 (24. Bxc7 Rxg2+ 25. Kh1 Rxf2+ 26. Kg1 Rg2+
27. Kh1 Rxc7 $17) 24... Qb7 $15) 21... Nb2 22. Qb3+ Rf7 23. Qxb2 Rxe7 $132)
20... d5 {The following continuations doesn't promise Black equality:} (20...
Nc5 21. Bc2 Nc4 22. b4 (22. Nd5 $14) 22... Nb7 23. Nd5 Bxd5 24. Qxd5+ $14) (
20... h6 21. Be7 Rf7 22. f6 e4 (22... Nxf6 23. Bxd6 $18 {[%cal Gd3h7]}) 23. Be2
$16) 21. Rc1 Qb7 22. Ng4 (22. Qg4 {is parried by} Kh8) 22... e4 23. Bd2 $1 {
This is the point. Otherwise, White loses the f5 pawn.} Nc4 24. Bxc4 dxc4 25.
Bc3 $1 $36 {Now it is not so easy for Black to neutralize White's initiative
with such a strong bishop on the long diagonal.} Nf6 $2 {After this move,
Black's king residence will be very vulnerable.} ({Better was} 25... b4 26. Bd4
$14) (25... Rce8 $5 26. Re3 (26. Nh6+ Kh8) 26... Rxf5 27. Rg3 Rg5 28. Qd4 {
[%cal Gg4h6]} Ne5 $13 29. Bd2 Rxg4 30. hxg4 Qd7 $13) (25... Rxf5 26. Nh6+ gxh6
27. Qg4+ Rg5 28. Qe6+ Kf8 29. Qxh6+ $18) (25... Nc5 {is met by} 26. f6 $16) 26.
Nxf6+ gxf6 27. Re3 $16 {White has an obvious advantage, thanks to much more
active bishop and vulnerable position of Black's monarch.} b4 (27... Qe7 {
[%cal Gc8d8]} 28. Rg3+ Kh8 29. Qh5 $16) 28. Bd4 Bd5 {protecting the c4 pawn.}
29. Qh5 {bringing the heavy pieces to the kingside.} Kh8 30. Rg3 Qe7 31. Qh6 {
forcing Black's pieces to protect the f6 pawn.} Rf7 (31... Rc6 32. Rg6 Rf7 33.
Rd1 $16) 32. Re1 Qf8 33. Qh4 a5 34. a3 ({Faster was} 34. Rg6 Rc6 35. Re3 a4 36.
Reg3 a3 37. bxa3 c3 38. Qg5 hxg6 39. fxg6 Rd7 (39... Rg7 40. Qh5+ Kg8 41. Qxd5+
$18) 40. Qh5+ Kg8 41. g7 Rxg7 42. Qxd5+ Qf7 43. Rxg7+ Kxg7 44. Qxc6 $18) 34...
c3 35. bxc3 bxa3 36. Rg6 Rc6 37. c4 $1 {opening the "e" file.} Bxc4 (37... Rxc4
38. Bxf6+ Rxf6 39. Rxf6 $18) 38. Qxe4 Qe7 $2 {loses on the spot.} (38... hxg6
39. Qxc6 $18 {[%cal Gc6c4,Ye1e8]}) (38... Rcc7 39. Qh4 Rc6 40. g4 {[%cal Gg4g5]
} a2 41. g5 Bd3 42. Rxf6 Rfxf6 43. gxf6 $18) ({More resistant was} 38... Rd6
39. Rg3 (39. Qh4 Rxd4 40. Qxd4 hxg6 41. Qxc4 gxf5 $16) (39. Bc5 Re7 $1 40. Qxe7
Qxe7 41. Rxe7 Rd1+ 42. Kh2 hxg6 $16) 39... a2 40. Rge3 Bd5 41. Qh4 $16 {/+-}) {
[%tqu "En","Please find the winning continuation.","","","g6f6","",10]} 39.
Rxf6 $1 $18 Qxe4 40. Rxf7+ {winning the rook.} (40. Rxf7+ Qxd4 (40... Kg8 41.
Rg7+ $18 {[%cal Ge1e4]}) 41. Re8#) 1-0

[Event "URS-ch58"]
[Site "Moscow"]
[Date "1991.??.??"]
[Round "6"]
[White "Brodsky, Michail"]
[Black "Aleksandrov, Aleksej"]
[Result "1-0"]
[WhiteElo "2415"]
[BlackElo "2450"]
[Annotator "Ernst,T"]
[PlyCount "97"]
[EventDate "1991.11.??"]
[EventType "swiss"]
[EventRounds "11"]
[EventCountry "URS"]
[SourceTitle "URS-ch"]
[Source "ChessBase"]
[SourceDate "1999.07.01"]
[SourceVersion "1"]
[SourceVersionDate "1999.07.01"]
[SourceQuality "1"]

1. e4 e5 2. Nf3 Nc6 3. Bb5 a6 4. Ba4 Nf6 5. O-O Be7 6. Re1 b5 7. Bb3 d6 8. c3
O-O 9. h3 Na5 10. Bc2 c5 11. d4 Qc7 12. Nbd2 Rd8 13. Nf1 cxd4 14. cxd4 exd4 15.
Nxd4 d5 16. e5 Ne4 17. Ne3 $5 (17. f3 Bc5 $1 18. fxe4 dxe4 19. Be3 Nc4 $44 {
Hellers - Polgar,Zs ,Adelaide 1988.}) 17... Bc5 18. b3 Qxe5 19. Bb2 Bb7 20. Nc6
$1 {Der Anfang von schönen Kombinationen. Am Ende behält Weiss einen
Mehrbauern im Endspiel.} Qf4 (20... Qxb2 $2 21. Nxd8 Rxd8 22. Bxe4 $18) 21.
Bxe4 Bxc6 22. Bxh7+ Kxh7 23. Qc2+ Qe4 24. Qxc5 d4 25. Qh5+ Kg8 26. f3 Qg6 27.
Qxg6 fxg6 28. Nc2 $16 d3 29. Nd4 Rd7 30. Rad1 Bb7 31. Rxd3 Nc6 32. Re6 Kh7 33.
Re4 Nb4 34. Rh4+ Kg8 35. Re3 Nxa2 36. Re6 Nb4 37. Rxg6 Nd3 38. Bc3 Rc8 39. Bd2
Ne5 40. Re6 Rc5 41. Bb4 Rc1+ 42. Kh2 g5 43. Re8+ Kf7 44. Rf8+ Kg6 45. Rg8+ Rg7
46. Rhh8 Rd1 47. Rxg7+ Kxg7 48. Rd8 Kf7 49. Nc6 $1 1-0

[Event "San Francisco"]
[Site "San Francisco"]
[Date "1995.??.??"]
[Round "7"]
[White "De Firmian, Nick E"]
[Black "Tisdall, Jonathan D"]
[Result "1/2-1/2"]
[WhiteElo "2590"]
[BlackElo "2470"]
[Annotator "Ernst,T"]
[PlyCount "80"]
[EventDate "1995.??.??"]
[EventType "game"]
[EventCountry "ARG"]
[SourceTitle "CBM 046"]
[Source "ChessBase"]
[SourceDate "1995.06.01"]
[SourceVersion "1"]
[SourceVersionDate "1995.06.01"]
[SourceQuality "1"]

1. e4 e5 2. Nf3 Nc6 3. Bb5 a6 4. Ba4 Nf6 5. O-O Be7 6. Re1 b5 7. Bb3 d6 8. c3
O-O 9. h3 Na5 10. Bc2 c5 11. d4 Qc7 12. Nbd2 cxd4 13. cxd4 Nc6 14. Nb3 a5 15.
Be3 a4 16. Nbd2 Bd7 17. Rc1 Qb7 {[#]} 18. a3 (18. Qe2) (18. Nf1) 18... Rfe8 19.
Bb1 (19. Bd3 Rab8 20. Qe2 Bd8 21. dxe5 Nxe5 (21... dxe5 $2 22. Rc5 $1 $16 {
Ivanovic,B-Lazic,M/Yugoslavia/1993/}) 22. Nxe5 (22. Bb1 Ba5 23. Bg5 Nxf3+ 24.
Qxf3 Bc6 25. Bxf6 Bxd2 26. Qg3 g6 27. Qxd6 Bxc1 28. Rxc1 $16 {Timman,J/Byrne,R/
Wijk aan Zee/1980/}) 22... dxe5 23. Rc2 g6 24. Rec1 Nh5 25. Qf3 f5 26. b3 f4
27. Bc5 Rc8 28. Bb4 axb3 29. Nxb3 Bb6 30. Nc5 $16 {Diaz,J-Garcia Palermo/Cuba/
1983/}) 19... h6 $146 (19... g6 20. Qe2 Bf8 21. Ba2 $14 {Dolmatov,S-Agdestein,
S/Tilburg/1993/}) (19... Bf8 20. Bg5 (20. Ba2 $2 exd4) 20... Be7 $10) 20. Qe2
Bd8 21. dxe5 Nxe5 22. Bd4 Ba5 23. Bc3 Bxc3 24. Rxc3 b4 25. axb4 Qxb4 26. Nxe5
dxe5 27. Nc4 Bb5 28. Bd3 Rad8 29. Qc2 Nd7 (29... Rd4 $5 30. Re3 $10) 30. Bf1
Nc5 31. Ne3 Bxf1 32. Rxf1 Ne6 (32... Nxe4 $4 33. Rc4 $18) 33. Rc4 Qb5 34. Nd5
Nd4 35. Qxa4 Qxb2 36. Rc7 Qe2 37. Re7 Rxe7 38. Nxe7+ Kh8 39. Qa5 Rb8 (39... Re8
40. Re1 $10) 40. Re1 (40. Qc7 $4 Qxf1+ $19) 40... Qb5 1/2-1/2

[Event "Sochi"]
[Site "Sochi"]
[Date "1993.??.??"]
[Round "?"]
[White "Brodsky, Michail"]
[Black "Obukhov, Alexander"]
[Result "1/2-1/2"]
[WhiteElo "2515"]
[BlackElo "2490"]
[Annotator "Ernst,T"]
[PlyCount "135"]
[EventDate "1993.09.??"]
[EventType "tourn"]
[EventRounds "13"]
[EventCountry "RUS"]
[EventCategory "10"]
[SourceTitle "CBM 038"]
[Source "ChessBase"]
[SourceDate "1994.02.01"]
[SourceVersion "1"]
[SourceVersionDate "1994.02.01"]
[SourceQuality "1"]

1. e4 e5 2. Nf3 Nc6 3. Bb5 a6 4. Ba4 Nf6 5. O-O Be7 6. Re1 b5 7. Bb3 d6 8. c3
O-O 9. h3 Na5 10. Bc2 c5 11. d4 Qc7 12. Nbd2 Bd7 13. Nf1 cxd4 14. cxd4 Rac8 15.
Re2 (15. Ne3 Nc6 16. d5 $14) 15... Nc6 (15... Rfe8 16. Ng3 Bd8 17. b3 Nc6 18.
Bb2 Qa7 $10 {Tosic,M-Lukacs,P/Budapest Herbstlicht/1990/}) 16. a3 Rfe8 17. d5
Na5 18. Ng3 g6 19. b3 Nb7 20. b4 Bf8 21. Bd3 Qb8 22. Be3 Rc3 23. Rea2 Bg7 24.
Qd2 Rec8 25. Ne2 R3c4 $1 26. Ng3 (26. Bxc4 Rxc4 $44) 26... Rc3 27. Ne1 Nd8 28.
Rb1 Qb7 29. Bc5 $2 R3xc5 30. bxc5 dxc5 $15 31. Rc2 Qc7 32. a4 c4 33. axb5 axb5
34. Be2 h5 35. Qe3 Nb7 36. Nd3 Qd6 37. Nb4 Nc5 $1 38. h4 Bf8 39. Na2 Nfxe4 $1
40. Nxe4 Nxe4 41. Rxb5 (41. Qxe4 $2 Bf5 $19) 41... Nxf2 $5 42. Rb4 Qxd5 43.
Rbxc4 Rxc4 44. Rxc4 Ng4 $17 45. Qc1 Bh6 46. Nb4 Qb7 47. Qc3 Ne3 48. Bf3 Qb6 49.
Rc5 Bf8 50. Nd3 Qb1+ (50... Bxc5 51. Nxc5 Nf5 $19) 51. Kf2 e4 52. Kxe3 exd3 53.
Rg5 Bh6 54. Qxd3 Qe1+ 55. Be2 Qg3+ 56. Bf3 Qxh4 57. Qxd7 Qxg5+ 58. Ke2 Qe3+ 59.
Kd1 Kg7 60. Qd5 Bf4 61. Be4 f5 62. Bf3 Qc1+ 63. Ke2 Qc2+ 64. Kf1 Kh6 65. Qd4
Qc1+ 66. Ke2 Qc7 67. Bd5 Kg5 68. Bf3 $17 1/2-1/2

[Event "Podgorica"]
[Site "Podgorica"]
[Date "1993.??.??"]
[Round "3"]
[White "Ivanovic, Bozidar"]
[Black "Lazic, Miroljub"]
[Result "1-0"]
[WhiteElo "2470"]
[BlackElo "2450"]
[Annotator "Ernst,T"]
[PlyCount "75"]
[EventDate "1993.02.??"]
[EventType "tourn"]
[EventRounds "13"]
[EventCountry "YUG"]
[EventCategory "10"]
[SourceTitle "CBM 036"]
[Source "ChessBase"]
[SourceDate "1993.10.01"]
[SourceVersion "1"]
[SourceVersionDate "1993.10.01"]
[SourceQuality "1"]

1. e4 e5 2. Nf3 Nc6 3. Bb5 a6 4. Ba4 Nf6 5. O-O Be7 6. Re1 b5 7. Bb3 d6 8. c3
O-O 9. h3 Na5 10. Bc2 c5 11. d4 Qc7 12. Nbd2 cxd4 13. cxd4 Nc6 14. Nb3 (14. d5
Nb4 15. Bb1 a5 $10) (14. a3 $14) 14... a5 15. Be3 a4 16. Nbd2 Bd7 17. Rc1 Qb7
18. Qe2 Rfe8 19. a3 Bd8 $5 (19... h6 20. Bd3 Rab8 21. dxe5 dxe5 22. Bc5 Nh5 23.
Bxe7 Nf4 24. Qe3 Rxe7 25. Rc5 Nxd3 26. Qxd3 b4 27. Rec1 $16 {Spasski-Torre/
Hamburg/1982/}) 20. Bd3 Rb8 21. dxe5 dxe5 22. Rc5 $5 Bb6 23. Rxb5 Nd4 24. Bxd4
exd4 (24... Bxb5 25. Bxb5 Bxd4 26. Bxe8 $16) 25. Re5 $1 Be6 26. Ng5 Qc7 (26...
Nd7 27. Rb5 $16) 27. Rxe6 $1 (27. Rb5 Bd7 28. Rb4 $14) 27... fxe6 28. e5 h6 29.
exf6 hxg5 30. Ne4 $44 Rf8 (30... Qf7 31. Nxg5 Qxf6 32. Qh5 Ba7 33. Bh7+ Kf8 34.
Bg6 $18) 31. Nxg5 Rxf6 32. Nxe6 Qe7 (32... Qf7 33. Ng5 $18) 33. Qh5 Rh6 (33...
Rxe6 34. Bc4 Re8 35. Rxe6 Qxe6 36. Qxe8+ $18) (33... g6 34. Bxg6 Rxe6 35. Qd5
Rd8 36. Qxe6+ Qxe6 37. Rxe6 d3 38. Rxb6 d2 39. Bc2 $18) 34. Qd5 Kh8 (34... Qb7
35. Nd8+ $3 Qxd5 36. Re8# $18) 35. Re4 Qb7 36. Qxb7 (36. Nd8 Qxd5 37. Re8+ Qg8
38. Nf7# $18) 36... Rxb7 37. Nd8 Bxd8 38. Re8# 1-0